000 00242nam a22000977a 4500
999 _c155290
_d155290
082 _a
_b
245 _aVidyanivas Misra ka nibandh sahithya/
_cby Syam Sunder Pandey.
260 _aKanpur:
_bAbhay Prakashan,
_c2007.
650 _a
942 _cBK